Countries of the Holy Roman Empire in 1500 - Statistics

General Stats
  • This quiz has been taken 2,033 times
  • The average score is 16 of 49
Answer Stats
Holy Roman Empire in 1500 % Correct
Archdutchy of Austria
90%
Duchy of Bavaria
86%
Saxony
80%
Kingdom of Bohemia
76%
Margraviate of Brandenburg
74%
Hamburg
64%
Electorate of Cologne
57%
Holstein
56%
Landgraviate of Hesse
53%
Republic of the Swiss
53%
Duchy of Württemberg
49%
Duchy of Luxembourg
47%
Bishopric of Lübeck
43%
Duchy of Pomerania
42%
Electoral Palatinate
42%
Lübeck
42%
Electorate of Mainz
41%
Electorate of Trier
39%
Duchy of Brunswick-Luneburg
37%
Hapsburg Netherlands
35%
County of Oldenburg
34%
Duchy of Mecklenburg-Schwerin
34%
Archbishopric of Salzburg
33%
Schleswig
31%
Liechtenstein
28%
East Frisia
26%
County of Nassau
25%
Mixed Imperial City of Augsburg
25%
Saxe-Lauenberg
25%
Archbishopric of Magdeburg
24%
Prince-Bishopric of Münster
23%
Mecklenburg
20%
Bishopric of Würzburg
18%
Prince-Bishopric of Liege
18%
Episcopal principality of Utrecht
14%
Principality of Lippe
14%
Bishopric of Trent
13%
Duchy of Cleves
13%
Principality of Ansbach
11%
Thuringian states
10%
Duchy of Modena and Reggio
7%
County of Schaumburg
5%
Anhalt-Dessau
4%
Margravate of Mantua
4%
Guelders
3%
Principality of Calenberg
2%
Anhalt-Köthen
1%
Duchy of Urbino
1%
Vogtland
1%
No matching quizzes found
Score Distribution
Percent of People with Each Score
Percentile by Number Answered
Your Score History
You have not taken this quiz